000 00296nam a22001217a 4500
008 180112b xxu||||| |||| 00| 0 eng d
041 _aeng
080 _25 ED
_a53
100 _a43
101 _aFIZ
245 _aDONT PANIC A GUIDE TO INTRODUCTORY PHYSIC
_cWILLIAM.H.B
942 _2udc
_cBK
999 _c40213
_d40213